Logo CIB grande

COMPUTER CALCULATIONS FOR MULTICOMPONENT VAPOR-LIQUID AND LIQUID-LIQUID EQUILIBRIA (Registro nro. 198600)

Detalles MARC
000 -LEADER
campo de control de longitud fija 00663nam a2200229Ia 4500
005 - FECHA Y HORA DE LA ÚLTIMA TRANSACCIÓN
campo de control 20250425160915.0
008 - DATOS DE LONGITUD FIJA--INFORMACIÓN GENERAL
campo de control de longitud fija 250425s9999 xx 000 0 und d
020 ## - NÚMERO INTERNACIONAL ESTÁNDAR DEL LIBRO
Número Internacional Estándar del Libro 0131649620
041 ## - CÓDIGO DE IDIOMA
Código de lengua del texto/banda sonora o título independiente eng
082 ## - NÚMERO DE LA CLASIFICACIÓN DECIMAL DEWEY
Número de clasificación 660.208423
010 ## - NÚMERO DE CONTROL DE LA BIBLIOTECA DEL CONGRESO
Número de control de LC 8068
100 ## - ENTRADA PRINCIPAL--NOMBRE DE PERSONA
Nombre de persona PRAUSNITZ, J. M.
245 #0 - MENCIÓN DEL TÍTULO
Título COMPUTER CALCULATIONS FOR MULTICOMPONENT VAPOR-LIQUID AND LIQUID-LIQUID EQUILIBRIA
250 ## - MENCION DE EDICION
Mención de edición 1TH ED.
260 ## - PUBLICACIÓN, DISTRIBUCIÓN, ETC.
Lugar de publicación, distribución, etc. ENGLEWOOD
260 ## - PUBLICACIÓN, DISTRIBUCIÓN, ETC.
Lugar de publicación, distribución, etc. Estados Unidos
Nombre del editor, distribuidor, etc. PRENTICE-HALL
Fecha de publicación, distribución, etc. 1980
300 ## - DESCRIPCIÓN FÍSICA
Extensión 353
650 ## - PUNTO DE ACCESO ADICIONAL DE MATERIA--TÉRMINO DE MATERIA
Término de materia o nombre geográfico como elemento de entrada EQUILIBRIO LIQUIDO-LIQUIDO-PROCESAMIENTO DE DATOS
650 ## - PUNTO DE ACCESO ADICIONAL DE MATERIA--TÉRMINO DE MATERIA
Término de materia o nombre geográfico como elemento de entrada EQUILIBRIO VAPOR-LIQUIDO-PROCESAMIENTO DE DATOS
700 ## - ENTRADA AGREGADA--NOMBRE PERSONAL
Nombre de persona GRENS, E.
942 ## - ELEMENTOS DE ENTRADA SECUNDARIOS (KOHA)
Tipo de ítem Koha Libros
Existencias
Estatus retirado Estado de pérdida Estado de daño No para préstamo Biblioteca de origen Biblioteca actual Fecha de adquisición Coste, precio normal de compra Total de préstamos Código de barras Copia número Tipo de ítem Koha
        CENTRO DE INFORMACIÓN BIBLIOTECARIA CENTRO DE INFORMACIÓN BIBLIOTECARIA 26/06/1998 0.01   21235 1 Libros

Copyright 2025 ESPOL. Todos los derechos reservados.